| 000 | 01140nam a2200301 a 4500 | ||
|---|---|---|---|
| 001 | 000026821 | ||
| 003 | DO-SdBNP | ||
| 005 | 20240314191553.0 | ||
| 006 | a||||fr|||| 00| 0 | ||
| 007 | ta | ||
| 008 | 110325s2022 dr 000 0 spa d | ||
| 020 | _a9789945610529 | ||
| 040 |
_aDO-SdBNP _bspa _cBNPHU _drda |
||
| 082 | 4 |
_bC748 _222 |
|
| 110 | 1 |
_aConferencia Integridad Judicial _d(2021 : _cSanto Domingo) _953935 |
|
| 245 | 1 | 0 |
_aCátedra dr. Manuel Bergés Chupani : _bconferencia la integridad de una vida al servicio de la justicia / _cMilton Ray Guevara |
| 260 |
_aSanto Domingo : _bCentro de Estudios Constitucionales, _c2022 |
||
| 300 |
_a30 páginas ; _c22 cm. |
||
| 336 |
_2rdaconten _atexto _btxt |
||
| 337 |
_2rdamedia _asin medición _bn |
||
| 338 |
_2rdacarrier _avolumen _bnc |
||
| 500 | _aIncluye bibliografía y notas al pie de páginas. | ||
| 500 | _aConferencia dictada por el Dr. Milton Ray Guevara, Juez de la Suprema Corte de Justicia. | ||
| 590 | _aInventariado, 2023 / MF | ||
| 700 | 1 |
_aMilton Ray Guevara _d1948- _978143 |
|
| 710 | 2 |
_975427 _aTribunal Cosntitucional de la República Dominicana |
|
| 942 |
_2ddc _cLF2 |
||
| 999 |
_c52462 _d52462 |
||